| Tag |
First Indicator |
Second Indicator |
Subfields |
| LEADER |
00000cam a2200000I 4500 |
| 001 |
in00001569421 |
| 005 |
20151022081138.0 |
| 007 |
he auu---bubu |
| 008 |
860718s1817 mau b 000 0 eng d |
| 010 |
|
|
|a nuc87571407
|
| 035 |
|
|
|a (OCoLC)ocm13901281
|
| 040 |
|
|
|a LCP
|c EWF
|d RQM
|d TXA
|d UtOrBLW
|
| 043 |
|
|
|a n-us---
|
| 049 |
|
|
|a TXAM
|
| 050 |
1 |
0 |
|a E446
|b .K36
|
| 099 |
|
|
|a fiche
|a C
|a 20444
|
| 100 |
1 |
|
|a Kenrick, John,
|d 1755-1833.
|
| 245 |
1 |
0 |
|a Horrors of slavery :
|b In two parts. Part I. Containing observations, facts, and arguments, extracted from the speeches of Wilberforce, Grenville, Pitt, Burke, Fox, Martin, Whitehead, and other distinguished members of the British Parliament. Part II. Containing extracts, chiefly American, comp. from authentic sources: demonstrating that slavery is impolitic, antirepublican, unchristian and highly criminal: and proposing measures for its complete abolition through the United States /
|c By John Kenrick.
|
| 264 |
|
3 |
|a Cambridge [Mass.] :
|b Printed by Hilliard and Metcalf,
|c 1817.
|
| 300 |
|
|
|a 59 pages ;
|c 18 cm.
|
| 336 |
|
|
|a text
|b txt
|2 rdacontent
|
| 337 |
|
|
|a microform
|b h
|2 rdamedia
|
| 338 |
|
|
|a microfiche
|b he
|2 rdacarrier
|
| 500 |
|
|
|a Master microform held by: LCP.
|
| 533 |
|
|
|a Microfiche (positive).
|b Louisville, Ky.,
|c Lost Cause Press,
|d 1969.
|e 2 sheets. 11 x 15 cm.
|f ([Slavery, source material and critical literature])
|
| 500 |
|
|
|a Microform.
|
| 650 |
|
0 |
|a Slavery
|z United States.
|
| 650 |
|
0 |
|a Controversial literature
|y 1817.
|
| 830 |
|
0 |
|a Slavery, source material and critical literature.
|
| 994 |
|
|
|a E0
|b TXA
|
| 948 |
|
|
|a cataloged
|b h
|c 2000/10/25
|d c
|e ceaton
|f 9:04:04 am
|
| 999 |
|
|
|a MARS
|
| 999 |
f |
f |
|s 3360df67-c668-3ade-9b39-46a069c456dd
|i 6f82ebc4-e81d-3ad9-8ce9-b5560e0009ae
|t 0
|
| 952 |
f |
f |
|p normal
|a Texas A&M University
|b College Station
|c Sterling C. Evans Library
|d Evans: Microforms (3rd floor)
|t 0
|e fiche C 20444
|h Other scheme
|i microform -- microfiche
|
| 998 |
f |
f |
|a fiche C 20444
|t 0
|l Evans: Microforms (3rd floor)
|